000 00709cam a22002413a 4500
001 1825
003 PGUSA
005 20140828083006.0
008 990701s1999||||xxu|||||s|||||000 1 eng d
040 _aPGUSA
_beng
042 _adc
050 4 _aPZ
100 1 _aBurgess, Thornton W.
_q(Thornton Waldo),
_d1874-1965
245 1 4 _aThe Adventures of Reddy Fox
_h[electronic resource] /
_cThornton W. Burgess
260 _bProject Gutenberg,
_c1999
506 _aPublic domain in the USA.
516 _aElectronic text
653 _aAnimals -- Juvenile fiction
653 _aFoxes -- Juvenile fiction
830 0 _aProject Gutenberg
_v1825
856 4 0 _uhttp://www.gutenberg.org/ebooks/1825
942 _cEB
999 _c231168
_d231168